|
|
|
|
| LEADER |
00000nab#a22000007a#4500 |
| 001 |
arbauad042067 |
| 003 |
AR-BaUAD |
| 005 |
20250711113259.0 |
| 008 |
991220|||||||||###||||||b###|0###a|spa|| |
| 040 |
|
|
|a AR-BaUAD
|c AR-BaUAD
|b spa
|
| 245 |
1 |
0 |
|a Kulturelle Plakate
|
| 300 |
0 |
|
|b fot., il.
|
| 653 |
|
|
|a DISEÑO GRAFICO
|
| 653 |
|
|
|a AFICHES
|
| 653 |
|
|
|a TEATRO
|
| 653 |
|
|
|a CINE
|
| 653 |
|
|
|a MUSEOS
|
| 653 |
|
|
|a ENTREVISTAS
|
| 653 |
|
|
|a GLAZER NAUDE, LUDVIK
|
| 653 |
|
|
|a KIESER, GUNTHER
|
| 653 |
|
|
|a CHWAST, SEYMOUR
|
| 653 |
|
|
|a GEISSBUHLER, KARL DOMENIC
|
| 653 |
|
|
|a OLBINSKI, RAFAEL
|
| 653 |
|
|
|a MENDELL, PIERRE
|
| 653 |
|
|
|a SOMMESE, LANNY
|
| 653 |
|
|
|a BUNDI, STEPHAN
|
| 653 |
|
|
|a SANDSTORM DESIGN
|
| 653 |
|
|
|a MENDELL-OBERER
|
| 773 |
0 |
|
|t NOVUM
|g [dic. 1999], p. 38-49
|
| 942 |
|
|
|c ARTI
|
| 952 |
|
|
|0 0
|1 0
|4 0
|7 0
|9 86986
|a AR-BAuAD
|b AR-BAuAD
|d 2025-07-11
|l 0
|p AAQA042067
|r 2025-07-11 11:32:59
|w 2025-07-11
|y ARTI
|
| 990 |
|
|
|a DG199
|b TD
|
| 998 |
|
|
|a AAQ
|b BIBUN76
|
| 999 |
|
|
|c 66659
|d 66659
|